00585cam a22001217a 4500008004000000082001600040245015300056260005000209300001200259700008700271999001900358952008600377180718b1954 xxu||||| |||| 00| 0 eng d aR7x42/Un3/1 aFirst report of the joint committee on human relations in industrycby Department of Scientific and Industrial Research and Medical Research Council aLondonbHer majsety's Stationery Officec1954 aiv, 15p aU.K. Department of Scientific and Industrial Research and Medical Research Council c420077d420077 00104070aIIPAbIIPAd2009-07-13oR7x42/Un3/1p1466r2018-07-21w2018-07-21yBK